| 000 | 01013cab a2200181 4500 | ||
|---|---|---|---|
| 001 | ##L133538 | ||
| 008 | 060517n2006 000 0 eng u | ||
| 035 | _a(Sirsi) u133538 | ||
| 041 | 0 | _aeng | |
| 100 | 1 | _aPrice, John | |
| 245 | 0 | 0 | _aIt's a tough job, but... |
| 260 | _c2006 | ||
| 490 | 0 |
_aBuilding _v271(8430) 12 May 2006, 56-57(2) |
|
| 520 | _aExamines some common misconceptions about the role of the mediator, and argues that whilst there is no reason why judges cannot be effective mediators, they require the necessary knowledge, skills and training, and need to possess the right aptitudes. The critical point is that as mediators are not judgmental, a judge, arbitrator or adjudicator acting in that capacity must remove his judicial hat; if he is unable to do so, he will fail as a mediator. | ||
| 590 | _aIKA230506 | ||
| 690 | _aMANAGEMENT-DISPUTE AVOIDANCE, MANAGEMENT AND RESOLUTION-DISPUTE MANAGEMENT AND RESOLUTION-ALTERNATIVE DISPUTE RESOLUTION-ASSISTED NEGOTIATION-MEDIATION | ||
| 942 | _n0 | ||
| 999 |
_c77073 _d77073 |
||